Effective financial planning for library and information services. (Record no. 7030)
[ view plain ]
| 000 -LEADER | |
|---|---|
| fixed length control field | 00686nam a22002292 4500 |
| 001 - CONTROL NUMBER | |
| control field | 0000005363 |
| 005 - DATE AND TIME OF LATEST TRANSACTION | |
| control field | 20151217152003.0 |
| 008 - FIXED-LENGTH DATA ELEMENTS--GENERAL INFORMATION | |
| fixed length control field | 070612s xx 000 0 eng d |
| 020 ## - INTERNATIONAL STANDARD BOOK NUMBER | |
| International Standard Book Number | 0851424643 : |
| Terms of availability | GBP 18.99 |
| 040 ## - CATALOGING SOURCE | |
| Original cataloging agency | KABU |
| Transcribing agency | KABU |
| 050 #0 - LIBRARY OF CONGRESS CALL NUMBER | |
| Classification number | Z683 |
| Item number | .M33 2003 |
| 100 1# - MAIN ENTRY--PERSONAL NAME | |
| Personal name | McKay, Duncan. |
| -- | 0000156639 |
| 245 10 - TITLE STATEMENT | |
| Title | Effective financial planning for library and information services. |
| 250 ## - EDITION STATEMENT | |
| Edition statement | 2nd ed. |
| 260 ## - PUBLICATION, DISTRIBUTION, ETC. (IMPRINT) | |
| Place of publication, distribution, etc. | London : |
| Name of publisher, distributor, etc. | Europa Publ., |
| Date of publication, distribution, etc. | 2003. |
| 300 ## - PHYSICAL DESCRIPTION | |
| Extent | xi, 114 p. |
| 650 #0 - SUBJECT ADDED ENTRY--TOPICAL TERM | |
| Topical term or geographic name as entry element | Library finance. |
| -- | 0000156640 |
| 650 #0 - SUBJECT ADDED ENTRY--TOPICAL TERM | |
| Topical term or geographic name as entry element | Information services |
| General subdivision | Finance. |
| -- | 0000156641 |
| 908 ## - PUT COMMAND PARAMETER (RLIN) | |
| Put command parameter | 070612 |
| 950 ## - LOCAL HOLDINGS (RLIN) | |
| -- | 1 |
| Withdrawn status | Lost status | Source of classification or shelving scheme | Not for loan | Home library | Current library | Date acquired | Total Checkouts | Full call number | Barcode | Date last seen | Price effective from | Koha item type |
|---|---|---|---|---|---|---|---|---|---|---|---|---|
| Library of Congress Classification | Kabarak, Main Campus | Kabarak, Main Campus | 17/12/2015 | Z683 .M33 2003 | 012662 | 17/12/2015 | 17/12/2015 | General Collection |